000 00536nam a22002297a 4500
003 UA-OsUOA
001 62366
007 ta
008 20090820b un ||||| |||| 00| 0 ukr d
100 _aНаджми К.
090 _a821.161.1
_bН17
942 _cBK
040 _aUA-OsUOA
_brus
_cUA-OsUOA
_dUA-OsUOA
245 _aВесенние ветры
300 _a465 с.
955 _a3
041 _arus
080 _a821.161.1
260 _aМ.
_bСоветский писатель
_c1952
650 7 _2UDC
999 _c348464
_d348464